French Football Clubs - Sudden Death - Statistics

General Stats
  • This quiz has been taken 839 times
  • The average score is 14 of 16
Answers on the Grid
Answers color-coded by a green-red scale on the quiz's grid according to % correct below.
AC Ajaccio
Ajax
Anderlecht
Arsenal
Auxerre
AZ Alkmaar
Brest
Celtic
Club Brugge
Dudelange
Genk
Gent
Juventus
Lens
Lille
Marseille
Metz
Montpellier
Nantes
Nice
PSG
PSV
RB Leipzig
Real Sociedad
Reims
Rennes
St. Etienne
Strasbourg
Toulouse
Udinese
Villarreal
West Ham
 
Answer Stats
Answer % Correct
Auxerre
88%
Marseille
88%
Brest
87%
Lille
87%
Montpellier
87%
PSG
87%
Reims
86%
Rennes
86%
Toulouse
86%
Nantes
85%
St. Etienne
85%
Metz
84%
Nice
82%
AC Ajaccio
81%
Strasbourg
81%
Lens
80%
No matching quizzes found
Score Distribution
Percent of People with Each Score
Percentile by Number Answered
Your Score History
You have not taken this quiz